| 000 | 00837nam a2200217Ii 4500 | ||
|---|---|---|---|
| 003 | JO-AjNU | ||
| 008 | 230605s9999||||xx |||||||||||||| ||und|| | ||
| 017 | _a2022/2/730 | ||
| 020 | _a978-9923-45-058-1 | ||
| 040 |
_aJO-AjNU _bara _erda _cJO-AjNU |
||
| 041 | _aara | ||
| 050 | 1 | 4 | _aP90.2022 |
| 100 | 3 |
_aموسى، محمود علي, _eauthor _963442 |
|
| 245 | 0 | 0 | _aتداعيات الهوية الافتراضية على الامن القومي |
| 250 | _aط1 | ||
| 300 | _a105ص | ||
| 336 |
_atext _btxt _2rdacontent |
||
| 337 |
_aunmediated _bn _2rdamedia |
||
| 338 |
_avolume _bnc _2rdacarrier |
||
| 650 | 4 |
_aوسائل الاتصال الجماهيري-مواقع التوصل الاجتماعي-علم النفس الاجتماعي-التفاعل الاجتماعي-الالعاب الرقمية-الامن القومي _963443 |
|
| 999 |
_aA28778 _c32346 _d32346 |
||